Marketing

Enregistré dans:
Détails bibliographiques
Auteur principal: Prachár, Juraj
Collectivité auteur: Vysoká škola ekonomická v Bratislave. Fakulta odvetvových ekonomík
Autres auteurs: Magál, Ján, Sloboda, Štefan
Format: Livre
Langue:slovaque
Publié: Bratislava Rektorát Vysokej školy ekonomickej v Bratislave 1967
Édition:1. vydanie
Sujets:
Tags: Ajouter un tag
Pas de tags, Soyez le premier à ajouter un tag!

MARC

LEADER 00000nam a2200000 4500
001 c122613
005 20251104095203.8
041 0 |a slo 
044 |a SK 
245 1 0 |a Marketing  |c Juraj Prachár ; recenzovali: Ján Magál, Štefan Sloboda 
250 |a 1. vydanie 
264 1 |a Bratislava  |b Rektorát Vysokej školy ekonomickej v Bratislave  |c 1967 
300 |a 263 s. 
610 2 0 |a marketing 
610 2 0 |a trh 
610 2 0 |a obchod 
100 1 |a Prachár, Juraj 
700 1 |a Magál, Ján 
700 1 |a Sloboda, Štefan 
710 2 |a Vysoká škola ekonomická v Bratislave. Fakulta odvetvových ekonomík